| 000 | 01046nam a2200253 a 4500 | ||
|---|---|---|---|
| 999 |
_c20249 _d20249 |
||
| 005 | 20191224042350.0 | ||
| 008 | 180709s2016 ck o||||d|||| 00| 0 spa d | ||
| 020 | _a9789588188614 | ||
| 040 |
_aCO-BoIAVH _cCO-BoIAVH |
||
| 041 | 0 | _aspa | |
| 044 | _ack | ||
| 082 | 0 | 4 |
_a306.42 _bS67t |
| 245 | 0 | 0 |
_aSoñando el territorio : _bAñoranzas deseos y sueños |
| 246 | 1 | 3 |
_aSoñando el territorio : _bAñoranzas deseos y sueños Vol. 1 |
| 250 | _aPrimera edición | ||
| 260 |
_aBogotá (Colombia) : _bCorporación Autónoma Regional de Cundinamarca, _c2016. |
||
| 300 |
_a143 páginas : _bfotografías a color ; _c31 x 24 cm. |
||
| 650 | 2 | 6 |
_aPáramos _xConocimientos tradicionales _zCundinamarca (Departamento, Colombia) |
| 650 | 2 | 6 |
_aReservas naturales _xConocimientos tradicionales _zCundinamarca (Departamento, Colombia) |
| 651 | 2 | _aBoyacá (Departamento, Colombia) | |
| 700 | 1 |
_aPérez Fernández, Oscar _efotografías |
|
| 710 | 2 | _aCorporación Autónoma Regional de Cundinamarca | |
| 942 |
_2ddc _cLIBRO |
||